000 nam a22 7a 4500
999 _c29374
_d29373
003 OSt
005 20170615053619.0
008 170614b xxu||||| |||| 00| 0 eng d
020 _a0877849226
040 _aMMU
_beng
_cMMU
_dMMU
050 _aBJ1661 .K68 1984
100 _a Kreeft, Peter.
245 _aThe best things in life:
_bAcontemporary socrates look at power, pleasure, truth &the good life /
_cPeter, Kreeft
260 _aIllinois :
_bInterVasity,
_c1984
300 _a189 p .:
650 _aThe best thing in life
942 _2lcc
_cLOAN LOAN